000 00428nam a22001217a 4500
040 _cDLC
082 _a885 FAO 2006 A097 Or.
245 0 0 _aSpecial final report-some key findings, future issues and interventions for the Lao coffee industry /
260 _aBangkok, Thailand :
_bFAO Regional Office for Asia and the Pacific,
_c2006.
300 _a52 p. :
_bcol. ill., col. maps ;
_c30 cm.
700 1 _aMarsh, Anthony.
942 _cEK
999 _c16126
_d16126